| 000 | 01268cam a22003374a 4500 | ||
|---|---|---|---|
| 001 | 3546 | ||
| 005 | 20251210082347.0 | ||
| 020 | _a9780786852949 | ||
| 040 |
_aLKR _cLKR _dBAKER _dDLC _beng |
||
| 050 | 0 | 0 |
_aPZ7.W65535 _b 2005 |
| 082 | 0 | 0 | _a813.6 |
| 100 | 1 | _aWillems, Mo | |
| 245 | 1 | 0 |
_aYour pal Mo Willems presents Leonardo the terrible monster / _ctext and illustrations by Mo Willems |
| 246 | 3 | 0 | _aLeonardo the terrible monster |
| 250 | _aFirst Edition | ||
| 260 |
_aNew York : _bHyperion Books for Children, _c2005 |
||
| 300 |
_a40 unnumbered pages : _bcolor illustrations ; _c33 cm. |
||
| 490 | _a Leonardo [Mo Willems] (1) | ||
| 505 | _aN | ||
| 520 | _aLeonardo is a terrible monster -- he can't seem to frighten anyone. When he discovers the perfect nervous little boy, will he scare the lunch out of him? Or will he think of something better? | ||
| 521 | 1 |
_a560
_bLexile AD |
|
| 521 | 1 |
_aN
_bRaz-Plus |
|
| 650 | 0 |
_aMonsters _vJuvenile fiction. |
|
| 650 | 0 |
_aFriendship in children _vJuvenile fiction. |
|
| 650 | 0 |
_aImagination _vJuvenile fiction. |
|
| 650 | 1 |
_aMonsters _vFiction. |
|
| 650 | 1 |
_aFriendship _vFiction. |
|
| 650 | 1 |
_aIndividuality _vFiction. |
|
| 906 |
_a7 _bcbc _ccopycat _d2 _encip _f20 _gy-gencatlg |
||
| 942 |
_2ddc _cBK _n0 |
||
| 999 |
_c3546 _d3546 |
||